| 000 | 00941nam a22002537a 4500 | ||
|---|---|---|---|
| 999 |
_c15927 _d15927 |
||
| 003 | EG-ScBUE | ||
| 005 | 20210206091618.0 | ||
| 008 | 110825s1984 ua f f 00 00 ae ara d | ||
| 040 |
_aEG-ScBUE _bara _erda _cEG-ScBUE _dEG-ScBUE |
||
| 082 | 0 | 4 |
_a892.746 _bش ي ب _222 |
| 100 | 1 |
_926928 _aالشيباني، خضر محمد عبد الرحمن، _eمؤلف. |
|
| 245 | 1 | 2 |
_aالضمير : _bالذي اغتالوه / _cد. خضر محمد عبد الرحمن الشيباني. |
| 250 | _aالطبعة الأولى. | ||
| 264 | 1 |
_aالرياض : _bدار القاموس، _c1984. |
|
| 300 |
_a237 صفحة ؛ _c24 سم |
||
| 336 |
_2rdacontent _aنص _btxt |
||
| 337 |
_2rdamedia _aبدون وسيط _bn |
||
| 338 |
_2rdacarrier _aمجلد _bnc |
||
| 650 | 7 |
_922251 _aالمقالات العربية _zالسعودية _yقرن 20. _2BUEsh |
|
| 651 | _2BUEsh | ||
| 653 |
_cAugust2011 _bARALIT |
||
| 655 |
_vReading book _934232 |
||
| 942 |
_2ddc _cBB |
||